[Event "N1 Reykjavik Open 2014"]
[Site "Reykjavik, Iceland"]
[Date "2014.03.07"]
[Round "5.80"]
[White "Sahl, Sheila Barth"]
[Black "Johannsdottir, Johanna Bjorg"]
[Result "1-0"]
[WhiteElo "2196"]
[BlackElo "1865"]
[EventDate "2014.03.04"]
[PlyCount "0"]

1.e4 c5 2.Nf3 g6 3.d4 cxd4 4.Qxd4 Nf6 5.e5 Nc6 6.Qa4 Nd5 7.Qe4 Nb6 8.Bf4 
Bg7 9.Nc3 O-O 10.O-O-O f6 11.e6 d6 12.Qe3 Ne5 13.Nd4 a6 14.h4 Nbc4 15.Bxc4
Nxc4 16.Qd3 b5 17.Nc6 Qc7 18.Nd5 Qb7 19.Ncxe7+ Kh8 20.h5 Ne5 21.Bxe5 fxe5 
22.Nxg6+ hxg6 23.hxg6+ Kg8 24.Qh3 1-0

[Event "N1 Reykjavik Open 2014"]
[Site "Reykjavik, Iceland"]
[Date "2014.03.07"]
[Round "5.81"]
[White "Rache, Ralf"]
[Black "Van Weersel, Arlette"]
[Result "0-1"]
[WhiteElo "1862"]
[BlackElo "2176"]
[EventDate "2014.03.04"]
[PlyCount "159"]

1.e4 e5 2.f4 d5 3.exd5 e4 4.d3 Nf6 5.dxe4 Nxe4 6.Nf3 Bc5 7.Qe2 f5 8.Be3 
Qxd5 9.Bxc5 Qxc5 10.Nc3 Qb4 11.O-O-O O-O 12.Qc4+ Qxc4 13.Bxc4+ Kh8 14.Nxe4
fxe4 15.Ng5 g6 16.Nxe4 Bg4 17.Rdf1 Nd7 18.h3 Bf5 19.Ng3 Nb6 20.Bb3 c5 21.
Nxf5 Rxf5 22.Be6 Rf6 23.f5 Re8 24.g4 h6 25.Rd1 Rff8 26.Rh2 Kg7 27.Rhd2 Kf6
28.h4 Re7 29.Re2 Kg7 30.Rde1 h5 31.fxg6 hxg4 32.Bxg4 Rxe2 33.Rxe2 Rf1+ 34.
Kd2 Kxg6 35.b3 Rf4 36.Rg2 Rd4+ 37.Kc1 Kh6 38.c3 Rf4 39.Kd2 Nd5 40.Bc8 b6 
41.Bb7 Nf6 42.Bc6 Rxh4 43.Rf2 Kg7 44.Kd3 Kf7 45.Re2 Rf4 46.Ke3 Rh4 47.Bf3 
Nd7 48.Kd2 Kf6 49.Bd5 Ne5 50.Rg2 Ke7 51.Re2 Kd6 52.Be4 Rg4 53.Ke3 Rg3+ 54.
Kd2 Rg1 55.Kc2 Rg3 56.Kd2 c4 57.Kc2 Ng4 58.Kd2 b5 59.Bf5 Ne5 60.Be4 Nd7 
61.b4 Nb6 62.Bc2 Nd5 63.Rh2 Nxc3 64.Rh6+ Ke5 65.Rh5+ Kf4 66.Rf5+ Kg4 67.
Rf7 Nxa2 68.Bf5+ Kg5 69.Bd7 Rd3+ 70.Ke2 Nc3+ 71.Kf2 Kg6 72.Re7 Kf6 73.Rh7 
Ne4+ 74.Ke2 Ng5 75.Rh6+ Kg7 76.Rh5 Ne4 77.Bxb5 Ng3+ 78.Ke1 Nxh5 79.Bxc4 
Rd4 80.Be2 0-1

[Event "N1 Reykjavik Open 2014"]
[Site "Reykjavik, Iceland"]
[Date "2014.03.07"]
[Round "5.82"]
[White "Fridgeirsson, Dagur Andri"]
[Black "Thorsteinsdottir, Gudlaug"]
[Result "1-0"]
[WhiteElo "1803"]
[BlackElo "2056"]
[EventDate "2014.03.04"]
[PlyCount "137"]

1.d4 d5 2.c4 e6 3.Nf3 Nf6 4.Nc3 c6 5.Bg5 Bb4 6.Qb3 Bxc3+ 7.bxc3 Nbd7 8.Ne5
Qc7 9.Bf4 Nxe5 10.Bxe5 Qa5 11.e3 Ne4 12.Rc1 f6 13.Bf4 O-O 14.Bd3 e5 15.
cxd5 Nxf2 16.Kxf2 exf4 17.dxc6+ Kh8 18.cxb7 fxe3+ 19.Ke1 Bxb7 20.Qxb7 Qxa2
21.Bc2 Rab8 22.Qe4 f5 23.Qd3 g6 24.Rf1 Rb2 25.Rf3 f4 26.d5 Qa5 27.Kf1 Qb6 
28.Rb1 Rxb1+ 29.Bxb1 a5 30.Qd4+ Qxd4 31.cxd4 a4 32.Ke2 Rb8 33.Rf1 a3 34.
Kf3 g5 35.Bd3 Kg7 36.Ra1 Rb3 37.Bc4 Rc3 38.Ba6 Kf6 39.h4 h6 40.g3 e2+ 41.
Kxe2 Rxg3 42.hxg5+ hxg5 43.Bd3 Rg2+ 44.Kf1 f3 45.Rxa3 g4 46.Ra6+ Kf7 47.
Bg6+ Kg7 48.Be4 Rd2 49.Rg6+ Kf7 50.Rxg4 f2 51.Rf4+ Ke7 52.Rxf2 Rxd4 53.Bg2
Ra4 54.Ke2 Ra3 55.Kf1 Ra1+ 56.Ke2 Ra3 57.Rf3 Ra2+ 58.Kf1 Rd2 59.Re3+ Kd6 
60.Re6+ Kd7 61.Re2 Rd3 62.Kf2 Kd6 63.Re3 Rd2+ 64.Kg3 Rd4 65.Re6+ Kd7 66.
Be4 Rd1 67.Kf4 Rf1+ 68.Ke5 Rg1 69.Rg6 1-0

[Event "N1 Reykjavik Open 2014"]
[Site "Reykjavik, Iceland"]
[Date "2014.03.07"]
[Round "5.83"]
[White "Abrahams, Daniel"]
[Black "Forsa, Elise"]
[Result "1-0"]
[WhiteElo "2055"]
[BlackElo "1830"]
[EventDate "2014.03.04"]
[PlyCount "0"]

1.e4 c5 2.Nf3 e6 3.Qe2 a6 4.g3 Be7 5.Bg2 Qc7 6.O-O d6 7.c3 Nf6 8.d4 b6 9.
Bf4 Bb7 10.Nbd2 Nbd7 11.Rfd1 O-O 12.h4 Kh8 13.Nh2 e5 14.Bg5 Ng8 15.Bxe7 
Nxe7 16.Nc4 f5 17.dxe5 dxe5 18.Rxd7 Qxd7 19.Nxb6 Qc6 20.Nxa8 Bxa8 21.Rd1 
Ng6 22.Nf1 Bb7 23.Ne3 fxe4 24.Nc4 Qf6 25.Nd6 Bc6 26.Nxe4 Bxe4 27.Bxe4 Ne7 
28.Rd3 Qe6 29.a3 a5 30.Rf3 Rd8 31.Qb5 Qh3 32.Rd3 Rc8 33.Qxa5 Rf8 34.Qxc5 
Qe6 35.b4 Rc8 36.Qa5 Ng6 37.Rd8+ 1-0

[Event "N1 Reykjavik Open 2014"]
[Site "Reykjavik, Iceland"]
[Date "2014.03.07"]
[Round "5.84"]
[White "Leosson, Atli Johann"]
[Black "Karlsson, Mikael Johann"]
[Result "0-1"]
[WhiteElo "1759"]
[BlackElo "2051"]
[EventDate "2014.03.04"]
[PlyCount "126"]

1.e4 c5 2.Nf3 Nc6 3.d4 cxd4 4.Nxd4 Qb6 5.Nxc6 bxc6 6.Bd3 g6 7.c3 Bg7 8.Na3
Nf6 9.Nc4 Qc7 10.Qf3 d5 11.Ne3 e6 12.exd5 cxd5 13.Bb5+ Bd7 14.Bxd7+ Nxd7 
15.O-O O-O 16.Rd1 Ne5 17.Qg3 Qb6 18.Ng4 Nxg4 19.Qxg4 Rfc8 20.Qe2 Rab8 21.
g3 Rc4 22.Rb1 Re4 23.Qd3 Qa5 24.Ra1 Ra4 25.a3 Rb3 26.Qc2 Qb5 27.Qd3 Rc4 
28.Qe2 a5 29.Ra2 a4 30.Bf4 Qb7 31.Qxc4 dxc4 32.Rd8+ Bf8 33.Bh6 Qb8 34.
Rxf8+ Qxf8 35.Bxf8 Kxf8 36.Kf1 Ke7 37.Ke2 Kd6 38.Ke3 Ke5 39.f4+ Kd5 40.h4 
e5 41.g4 h5 42.g5 Rb6 43.fxe5 Kxe5 44.Kf3 Kf5 45.Ke3 Kg4 46.Ra1 Kxh4 47.
Kf4 Kh3 48.Re1 Rxb2 49.Re3+ Kg2 50.Rg3+ Kh2 51.Rf3 Rg2 52.Ke4 Rxg5 53.Kd4 
Rg4+ 54.Kc5 f5 55.Kb4 h4 56.Kxa4 Kg2 57.Re3 h3 58.Kb4 h2 59.Re2+ Kh3 60.
Rxh2+ Kxh2 61.a4 Re4 62.a5 f4 63.a6 f3 0-1

[Event "N1 Reykjavik Open 2014"]
[Site "Reykjavik, Iceland"]
[Date "2014.03.07"]
[Round "5.85"]
[White "Andersen, Per O"]
[Black "Kristinardottir, Elsa Maria"]
[Result "1/2-1/2"]
[WhiteElo "2042"]
[BlackElo "1822"]
[EventDate "2014.03.04"]
[PlyCount "0"]

1.d4 c6 2.Nf3 d5 3.e3 Nf6 4.Bd3 Bg4 5.c4 Nbd7 6.cxd5 cxd5 7.Nc3 e6 8.h3 
Bh5 9.Qb3 Bxf3 10.gxf3 Qb6 11.Bd2 Be7 12.Na4 Qxb3 13.axb3 O-O 14.b4 e5 15.
Nc5 exd4 16.exd4 Rfe8 17.O-O b6 18.Nxd7 Nxd7 19.Bb5 Red8 20.Rfc1 Bf6 21.
Rc7 Nf8 22.Rcxa7 Rxa7 23.Rxa7 Bxd4 24.b3 h6 25.Bc6 Ng6 26.Ra8 Rxa8 27.Bxa8
Ne7 28.Bb7 Kf8 29.Ba6 Ke8 30.Bb5+ Kd8 31.Kf1 Be5 32.Ke2 Kc7 33.f4 Bd6 34.
Be8 f6 35.Bh5 Nc6 36.Be8 Nd4+ 37.Kd3 Nxb3 38.Bc3 Nc1+ 39.Kc2 Bxf4 40.Bb5 
Na2 41.Be1 d4 42.Bc4 Nc3 43.Bxc3 dxc3 44.Kxc3 Kd6 45.Kd4 f5 46.f3 Bc1 47.
b5 Bb2+ 48.Ke3 Ke5 49.f4+ Kf6 50.Kf3 g5 51.fxg5+ hxg5 52.Be2 Ke5 53.Bd3 
Bc3 54.Be2 Kd4 55.Bf1 Bd2 56.Be2 Bc1 57.Bf1 Bd2 58.Be2 Bc1 59.Bf1 Bd2 
1/2-1/2

[Event "N1 Reykjavik Open 2014"]
[Site "Reykjavik, Iceland"]
[Date "2014.03.07"]
[Round "5.86"]
[White "Holm, Fridgeir K"]
[Black "Frick, Renato"]
[Result "0-1"]
[WhiteElo "1729"]
[BlackElo "2038"]
[EventDate "2014.03.04"]
[PlyCount "0"]

1.e4 g6 2.Bc4 Bg7 3.d4 c5 4.Nf3 cxd4 5.Nxd4 Qc7 6.Qd3 a6 7.a4 e6 8.Nc3 Ne7
9.O-O Nbc6 10.Nce2 Ne5 11.Bf4 Qxc4 12.Bxe5 Qxd3 13.Bxg7 Qxe4 14.Bxh8 e5 
15.Rfe1 d6 16.f3 Qe3+ 17.Kf1 Qh6 18.Nc3 Qxh2 19.Ndb5 axb5 20.Nxb5 Kd7 21.
Rad1 Nf5 22.Bxe5 Qh1+ 23.Kf2 Qh4+ 24.Kf1 Ra6 25.g4 f6 26.Bc3 Qh1+ 27.Ke2 
Qg2+ 28.Kd3 Qxf3+ 29.Kd2 Qf4+ 30.Kd3 Qxa4 31.Na3 Qxg4 32.Bxf6 Qf3+ 33.Kd2 
b6 34.Kc1 Ng3 35.Bg5 Ne4 36.Bh6 Rxa3 0-1

[Event "N1 Reykjavik Open 2014"]
[Site "Reykjavik, Iceland"]
[Date "2014.03.07"]
[Round "5.87"]
[White "Klyszcz, Michael"]
[Black "Hansen, Erle Andrea Marki"]
[Result "1-0"]
[WhiteElo "2011"]
[BlackElo "1810"]
[EventDate "2014.03.04"]
[PlyCount "115"]

1.d4 Nf6 2.c4 g6 3.Nc3 Bg7 4.e4 O-O 5.h3 d6 6.Bg5 Nbd7 7.Bd3 a6 8.Nge2 c5 
9.d5 b5 10.O-O Ne5 11.cxb5 Nxd3 12.Qxd3 Nd7 13.Qd2 axb5 14.Nxb5 Ne5 15.
Nec3 Ba6 16.Rfb1 Qd7 17.a4 Nc4 18.Qc1 Na5 19.Ra3 Rfc8 20.Bh6 Bf6 21.Qd1 
Nc4 22.Ra2 Nb6 23.b3 c4 24.bxc4 Rxc4 25.Qb3 Rac8 26.Be3 Bxc3 27.Nxc3 Rxc3 
28.Qxb6 Bd3 29.Rb4 R3c4 30.Rxc4 Bxc4 31.Ra3 e6 32.Bh6 e5 33.a5 f5 34.f3 
fxe4 35.fxe4 Qc7 36.Rf3 Qxb6+ 37.axb6 Ba6 38.Ra3 Ra8 39.Rc3 Rc8 40.Rc6 Rd8
41.Kf2 Rd7 42.Rc3 Kf7 43.Ra3 Bb7 44.Rf3+ Ke8 45.Rf8+ Ke7 46.Rf3 Ke8 47.Bf8
Bc8 48.Rf6 Rb7 49.Bxd6 Rxb6 50.Rf8+ Kd7 51.Bxe5 Rb4 52.Kf3 Ba6 53.Rf7+ Ke8
54.Rxh7 Be2+ 55.Ke3 Bf1 56.d6 Bxg2 57.d7+ Kd8 58.Bf6+ 1-0

[Event "N1 Reykjavik Open 2014"]
[Site "Reykjavik, Iceland"]
[Date "2014.03.07"]
[Round "5.88"]
[White "Morkedal, Oyvind"]
[Black "Omtvedt, Per"]
[Result "1/2-1/2"]
[WhiteElo "1704"]
[BlackElo "2008"]
[EventDate "2014.03.04"]
[PlyCount "0"]

1.e4 c5 2.d4 cxd4 3.c3 d3 4.Bxd3 d6 5.c4 g6 6.Nf3 Nc6 7.O-O Bg7 8.Re1 Nf6 
9.Nc3 O-O 10.h3 Nd7 11.Be3 Nc5 12.Bc2 b6 13.Qd2 Bb7 14.Bh6 Ne5 15.Nxe5 
dxe5 16.Qxd8 Rfxd8 17.Bxg7 Kxg7 18.Rad1 Ne6 19.Ne2 Nd4 20.Nxd4 exd4 21.e5 
Rac8 22.b3 Rc7 23.Be4 f6 24.exf6+ Kxf6 25.f4 Bxe4 26.Rxe4 Rcd7 27.g4 d3 
28.Rd2 Rd4 29.Re3 e6 30.Kg2 Rxf4 31.Rexd3 Rxd3 32.Rxd3 Ke7 1/2-1/2

[Event "N1 Reykjavik Open 2014"]
[Site "Reykjavik, Iceland"]
[Date "2014.03.07"]
[Round "5.89"]
[White "Carvalho Beserra, Juan Pablo"]
[Black "Tijssens, Rob"]
[Result "1/2-1/2"]
[WhiteElo "2005"]
[BlackElo "1782"]
[EventDate "2014.03.04"]
[PlyCount "51"]

1.d4 Nf6 2.Nf3 c5 3.e3 g6 4.Bd3 d5 5.b3 Bg7 6.Nbd2 cxd4 7.exd4 O-O 8.O-O 
Nc6 9.Bb2 Nb4 10.Re1 Nxd3 11.cxd3 Re8 12.Ne5 Bf5 13.Ndf3 Rc8 14.Ng5 Rf8 
15.g4 Be6 16.Nxe6 fxe6 17.Qe2 Nd7 18.Nf3 Rc6 19.Rac1 Qc8 20.Ba3 Rf4 21.Ng5
Nf8 22.Rxc6 Qxc6 23.Nh3 Rxd4 24.Bb2 Rb4 25.Bxg7 Kxg7 26.Qe5+ 1/2-1/2

[Event "N1 Reykjavik Open 2014"]
[Site "Reykjavik, Iceland"]
[Date "2014.03.07"]
[Round "5.90"]
[White "Ontiveros, John"]
[Black "Murray, Michael A."]
[Result "0-1"]
[WhiteElo "1710"]
[BlackElo "2004"]
[EventDate "2014.03.04"]
[PlyCount "0"]

1.d4 Nc6 2.c4 e5 3.d5 Nce7 4.Nc3 Ng6 5.e4 Bc5 6.Bd3 Nf6 7.Nge2 Ng4 8.Nd4 
exd4 9.Qxg4 dxc3 10.bxc3 d6 11.Qe2 Qh4 12.g3 Qf6 13.Bd2 h5 14.f4 Bg4 15.
Qf1 Ba3 16.h3 Bd7 17.Rb1 b6 18.f5 Ne5 19.Be2 Bc5 20.h4 Qe7 21.Bg5 f6 22.
Bd2 O-O-O 23.a4 a5 24.Bd1 Rde8 25.Bc2 Ng4 26.Kd1 Nf2+ 27.Kc1 Ba3+ 28.Rb2 
Bxb2+ 29.Kxb2 Nxh1 30.c5 dxc5 31.Qa6+ Kd8 32.Bf4 Bc8 33.Qa7 Qd7 34.Bd3 Re5
35.Bb5 Qd6 36.Qb8 Ke7 37.Ba6 Nf2 38.Bxe5 fxe5 39.Bxc8 0-1

[Event "N1 Reykjavik Open 2014"]
[Site "Reykjavik, Iceland"]
[Date "2014.03.07"]
[Round "5.91"]
[White "Aubert, Carsten"]
[Black "Hauksson, Hordur Aron"]
[Result "0-1"]
[WhiteElo "1997"]
[BlackElo "1756"]
[EventDate "2014.03.04"]
[PlyCount "0"]

1.d4 Nf6 2.c4 e6 3.Nc3 Bb4 4.e3 O-O 5.Ne2 d5 6.a3 Be7 7.Ng3 Nbd7 8.cxd5 
exd5 9.Nf5 Re8 10.Nxe7+ Qxe7 11.Bd3 c6 12.O-O Nf8 13.f3 c5 14.dxc5 Qxc5 
15.Kh1 Bd7 16.Ne2 Rad8 17.Bd2 Qb6 18.b4 Bb5 19.Bxb5 Qxb5 20.Re1 Qb6 21.Nd4
Ne6 22.Bc3 Rc8 23.Rc1 Qa6 24.Bb2 Nxd4 25.Qxd4 h6 26.Qf4 Rc4 27.Qf5 Qe6 28.
Qxe6 fxe6 29.Rxc4 dxc4 30.b5 Rc8 31.Rc1 Nd5 32.e4 Nf4 33.Rc2 Kf7 34.Kg1 g6
35.Kf1 Ke7 36.a4 Kd6 37.g3 Nd3 38.Ba3+ Ke5 39.Ke2 Kd4 40.Be7 e5 41.Bf6 c3 
42.h4 Kc4 43.f4 Nb4 44.Rc1 Na2 45.Rc2 Kb3 46.Kd1 Nb4 47.Rc1 c2+ 0-1

[Event "N1 Reykjavik Open 2014"]
[Site "Reykjavik, Iceland"]
[Date "2014.03.07"]
[Round "5.92"]
[White "Iclicki, Willy"]
[Black "Sigurdsson, Birkir Karl"]
[Result "1/2-1/2"]
[WhiteElo "1993"]
[BlackElo "1738"]
[EventDate "2014.03.04"]
[PlyCount "0"]

1.d4 Nf6 2.c4 e6 3.Nf3 Bb4+ 4.Nbd2 O-O 5.e3 b6 6.Bd3 Bb7 7.O-O Be7 8.b3 d6
9.Bb2 Nbd7 10.Qe2 c5 11.Rfd1 Rc8 12.Rac1 cxd4 13.exd4 d5 14.Ne5 Re8 15.Rc2
Bf8 16.Rdc1 g6 17.a3 Nxe5 18.dxe5 Nd7 19.b4 Bg7 20.Nf3 Qe7 21.Qe3 dxc4 22.
Rxc4 Rxc4 23.Rxc4 Rc8 24.Rxc8+ Bxc8 25.Be4 Nf8 26.h3 Bb7 27.Bxb7 1/2-1/2

[Event "N1 Reykjavik Open 2014"]
[Site "Reykjavik, Iceland"]
[Date "2014.03.07"]
[Round "5.93"]
[White "Arvidsson, Jonas"]
[Black "Thorarensen, Adalsteinn"]
[Result "1/2-1/2"]
[WhiteElo "1992"]
[BlackElo "1737"]
[EventDate "2014.03.04"]
[PlyCount "0"]

1.e4 e6 2.d4 d5 3.Nd2 Be7 4.Bd3 c5 5.c3 dxe4 6.Nxe4 cxd4 7.cxd4 Nc6 8.Nf3 
Nf6 9.O-O Bd7 10.Bd2 Nb4 11.Bb1 Bc6 12.Nxf6+ gxf6 13.Re1 Qd7 14.a3 Nd5 15.
Be4 h5 16.h4 Bd6 17.b4 a6 18.Rc1 Ba4 19.Qe2 Bb5 20.Qd1 Ba4 21.Qe2 1/2-1/2

[Event "N1 Reykjavik Open 2014"]
[Site "Reykjavik, Iceland"]
[Date "2014.03.07"]
[Round "5.94"]
[White "Halldorsson, Haukur"]
[Black "Thorsteinsdottir, Hallgerdur"]
[Result "0-1"]
[WhiteElo "1669"]
[BlackElo "1967"]
[EventDate "2014.03.04"]
[PlyCount "0"]

1.e4 c6 2.d4 d5 3.Nc3 dxe4 4.Nxe4 Bf5 5.Ng3 Bg6 6.Nf3 Nd7 7.Bd3 e6 8.Bxg6 
hxg6 9.O-O Bd6 10.Ne4 Bxh2+ 11.Nxh2 Qh4 12.Bf4 Qxf4 13.Ng3 Ngf6 14.c3 Qh6 
15.Nf3 Ne4 16.Re1 Ndf6 17.Kf1 Nxg3+ 18.fxg3 Ng4 0-1

[Event "N1 Reykjavik Open 2014"]
[Site "Reykjavik, Iceland"]
[Date "2014.03.07"]
[Round "5.95"]
[White "Bjornsson, Eirikur K."]
[Black "Kolka, Dawid"]
[Result "1/2-1/2"]
[WhiteElo "1958"]
[BlackElo "1736"]
[EventDate "2014.03.04"]
[PlyCount "0"]

1.c4 c6 2.Nf3 d5 3.d4 Nf6 4.Qc2 e6 5.Bg5 Nbd7 6.e3 Be7 7.Nc3 O-O 8.Rd1 h6 
9.Bh4 Re8 10.h3 a6 11.Bd3 b5 12.b3 Bb7 13.O-O Rc8 14.Qe2 Qc7 15.Rc1 Qb8 
16.Rfd1 Nb6 17.Bg3 Qa7 18.Ne5 Nbd7 19.f4 Bf8 20.Kh2 Be7 21.Rf1 Nb6 22.c5 
Nbd7 23.a3 Rf8 24.Bh4 Rce8 25.Nxd7 Nxd7 26.Bxe7 Rxe7 27.e4 Rfe8 28.e5 Bc8 
29.Rf2 f5 30.exf6 Nxf6 31.Qf3 Qc7 32.Kh1 Rf8 33.Rcf1 Ref7 34.Bg6 Re7 35.
Bc2 Kf7 36.Re1 Ke8 37.Rfe2 Ng8 38.Re5 Kd8 39.Nd1 Ref7 40.f5 exf5 41.Qh5 
Ne7 1/2-1/2

[Event "N1 Reykjavik Open 2014"]
[Site "Reykjavik, Iceland"]
[Date "2014.03.07"]
[Round "5.96"]
[White "Danielsson, Sigurdur"]
[Black "Hisnay, Gregory"]
[Result "1/2-1/2"]
[WhiteElo "1953"]
[BlackElo "1705"]
[EventDate "2014.03.04"]
[PlyCount "0"]

1.e4 d5 2.exd5 Qxd5 3.Nc3 Qa5 4.Nf3 Nf6 5.Bc4 Bg4 6.h3 Bxf3 7.Qxf3 c6 8.
O-O e6 9.d4 Be7 10.Be3 O-O 11.a3 Qd8 12.Rad1 Nd5 13.Nxd5 exd5 14.Bd3 Nd7 
15.Rfe1 Nf6 16.Bg5 Re8 17.Qf5 g6 18.Qf3 Nh5 19.Bc1 Qd7 20.Re5 Ng7 21.Rde1 
Bd6 22.Rxe8+ Rxe8 23.Rxe8+ Qxe8 24.Be3 Qe6 25.g4 f5 26.gxf5 Nxf5 27.Bxf5 
Qxf5 28.Qxf5 gxf5 29.Kg2 Kf7 30.Kf3 a6 31.a4 Kg6 32.Bf4 Bxf4 33.Kxf4 Kf6 
34.a5 h6 35.h4 Ke6 36.Ke3 Ke7 37.h5 Ke6 38.b3 Ke7 39.Kd3 Kd6 40.c4 Kd7 41.
Kc3 Kc7 42.Kb4 b6 43.axb6+ Kxb6 44.c5+ Kb7 45.Kc3 Kc7 46.Kd3 Kd7 1/2-1/2

[Event "N1 Reykjavik Open 2014"]
[Site "Reykjavik, Iceland"]
[Date "2014.03.07"]
[Round "5.97"]
[White "Nordquelle, Daniel"]
[Black "Flodmark, Tarras"]
[Result "0-1"]
[WhiteElo "1654"]
[BlackElo "1922"]
[EventDate "2014.03.04"]
[PlyCount "49"]

1.e4 c5 2.c3 Nf6 3.e5 Nd5 4.d4 cxd4 5.Nf3 e6 6.cxd4 d6 7.Nc3 Nxc3 8.bxc3 
dxe5 9.Nxe5 Bd6 10.Bb5+ Bd7 11.Nxd7 Nxd7 12.Qg4 Kf8 13.O-O Nf6 14.Qe2 Qc7 
15.Bb2 Bxh2+ 16.Kh1 Bd6 17.c4 a6 18.Ba4 h5 19.Rac1 Bb4 20.f3 Qg3 21.Qe5 h4
22.c5 Bd2 23.Qd6+ Kg8 24.Qxg3 hxg3+ 25.Kg1 0-1

[Event "N1 Reykjavik Open 2014"]
[Site "Reykjavik, Iceland"]
[Date "2014.03.07"]
[Round "5.98"]
[White "Petersson, Baldur Teodor"]
[Black "Haraldsson, Oskar"]
[Result "1-0"]
[WhiteElo "1624"]
[BlackElo "1897"]
[EventDate "2014.03.04"]
[PlyCount "83"]

1.e4 c5 2.Nf3 d6 3.d4 cxd4 4.Nxd4 Nf6 5.Nc3 a6 6.Be3 e6 7.f3 b5 8.a3 Qc7 
9.Qd2 Nbd7 10.Be2 Bb7 11.g4 h6 12.h4 d5 13.exd5 Nxd5 14.Nxd5 Bxd5 15.O-O-O
Nc5 16.g5 Rc8 17.Kb1 Na4 18.Rhe1 hxg5 19.hxg5 Nb6 20.Bf4 Nc4 21.Bxc7 Nxd2+
22.Rxd2 Rxc7 23.Nxb5 axb5 24.Rxd5 Be7 25.Bxb5+ Kf8 26.Rde5 Bd6 27.R5e4 Rc5
28.Rc4 Rxc4 29.Bxc4 Rh3 30.g6 fxg6 31.Rxe6 Be7 32.Re3 Bf6 33.Be6 Rh1+ 34.
Ka2 Rh2 35.Kb3 g5 36.Bg4 Rd2 37.a4 Rd8 38.Ka3 Rb8 39.b4 Be7 40.c3 Ke8 41.
Rd3 Ra8 42.Kb3 1-0

[Event "N1 Reykjavik Open 2014"]
[Site "Reykjavik, Iceland"]
[Date "2014.03.07"]
[Round "5.99"]
[White "Sigurdarson, Emil"]
[Black "Pajeken, Jakob Leon"]
[Result "1-0"]
[WhiteElo "1867"]
[BlackElo "1703"]
[EventDate "2014.03.04"]
[PlyCount "99"]

1.e4 e5 2.Nf3 Nc6 3.Bc4 Bc5 4.c3 Nf6 5.d4 exd4 6.cxd4 Bb4+ 7.Bd2 Nxe4 8.
Bxb4 Nxb4 9.Qb3 d5 10.Bb5+ Nc6 11.Ne5 Qd6 12.Nc3 Nxc3 13.Qxc3 O-O 14.Bxc6 
bxc6 15.O-O Bb7 16.Rac1 Rab8 17.b3 Rfc8 18.Rfd1 f6 19.Nd3 Re8 20.Nc5 Bc8 
21.Qa5 Bg4 22.Re1 Qf4 23.Qc3 Qd6 24.Na6 Rbc8 25.Nb4 Bd7 26.f3 Rxe1+ 27.
Rxe1 Rb8 28.Na6 Rb6 29.Nc5 Kf7 30.a4 Bc8 31.Qa5 a6 32.Qc3 Qf4 33.g3 Qd6 
34.Qe3 Qd8 35.f4 a5 36.Qd3 g6 37.Qc3 Rb4 38.Nd3 Rb8 39.Qxc6 Rxb3 40.Nc5 
Rb6 41.Qa8 Rb4 42.Qxa5 Rxd4 43.Qb5 Rc4 44.a5 Bf5 45.a6 Qa8 46.Qb7 Qxb7 47.
axb7 Rb4 48.Ra1 d4 49.Ra8 Rb1+ 50.Kf2 1-0

[Event "N1 Reykjavik Open 2014"]
[Site "Reykjavik, Iceland"]
[Date "2014.03.07"]
[Round "5.100"]
[White "Carlsen, Henrik"]
[Black "Kjartansson, Dagur"]
[Result "1/2-1/2"]
[WhiteElo "2027"]
[BlackElo "1662"]
[EventDate "2014.03.04"]
[PlyCount "0"]

1.e4 c5 2.b3 Nc6 3.Bb2 e5 4.Nf3 d6 5.Be2 Nf6 6.d3 Be7 7.Nbd2 a6 8.a4 h6 9.
c3 O-O 10.Qc2 Bg4 11.h3 Bh5 12.g4 Bg6 13.Nh4 Bh7 14.Nf5 Bxf5 15.gxf5 Qc7 
16.Nf1 b5 17.Ne3 b4 18.c4 a5 19.O-O-O Nd4 20.Bxd4 cxd4 21.Ng2 Nh7 22.h4 
Qd8 23.Kb1 Rc8 24.Qd2 Rc7 25.Rdg1 Kh8 26.f4 Bf6 27.Qe1 Rg8 28.Rh3 Nf8 29.
Qf2 Nd7 30.fxe5 dxe5 31.Ne1 Nc5 32.Kb2 Qd7 33.Nf3 Ra7 34.Qg2 Nxa4+ 35.bxa4
Qxa4 36.Ra1 Qc6 37.Rhh1 a4 38.Bd1 Rb8 39.Bxa4 Rxa4 40.Rxa4 Qxa4 41.Ra1 Qe8
42.Kb3 Rb7 43.Ra4 Qb8 44.Qa2 Kh7 45.Ra8 Qc7 46.Qa4 Bd8 47.Qe8 Rb8 48.Rxb8 
Qxb8 49.Qxe5 Qa7 50.Kxb4 Be7+ 51.c5 Qb6+ 52.Kc4 Qa6+ 53.Kd5 Qb7+ 54.Kc4 
Qa6+ 1/2-1/2

[Event "N1 Reykjavik Open 2014"]
[Site "Reykjavik, Iceland"]
[Date "2014.03.07"]
[Round "5.102"]
[White "Hauksdottir, Hrund"]
[Black "Jorgensen, Line Jin"]
[Result "0-1"]
[WhiteElo "1668"]
[BlackElo "1923"]
[EventDate "2014.03.04"]
[PlyCount "72"]

1.e4 e5 2.Nf3 Nc6 3.Bc4 Nf6 4.d3 Be7 5.c3 d6 6.O-O O-O 7.Nbd2 Na5 8.Bb3 
Nxb3 9.Qxb3 c5 10.Nc4 Qc7 11.Ne3 Be6 12.Qc2 h6 13.Bd2 Rfe8 14.Rfe1 Rac8 
15.Rad1 Nd7 16.c4 Rf8 17.b4 b6 18.b5 Kh7 19.h3 g6 20.Qc1 Rg8 21.Nh2 Ra8 
22.Nhg4 h5 23.Nh2 Qd8 24.Nhf1 Nf6 25.Ng3 a6 26.a4 axb5 27.axb5 h4 28.Ngf1 
Ra2 29.Qc3 Qd7 30.Ra1 Rga8 31.Nh2 Nh5 32.Neg4 f5 33.exf5 Bxf5 34.Ne3 Nf4 
35.Nxf5 Rxa1 36.Rxa1 Ne2+ 0-1

[Event "N1 Reykjavik Open 2014"]
[Site "Reykjavik, Iceland"]
[Date "2014.03.07"]
[Round "5.103"]
[White "Robson, Paul E"]
[Black "Lee, Gudmundur Kristinn"]
[Result "1-0"]
[WhiteElo "1915"]
[BlackElo "1649"]
[EventDate "2014.03.04"]
[PlyCount "0"]

1.c4 g6 2.d4 Bg7 3.Nc3 e5 4.Nf3 Nc6 5.d5 Nd4 6.Nxd4 exd4 7.Nb5 c5 8.d6 Rb8
9.e4 Nf6 10.e5 Ne4 11.Nc7+ Kf8 12.Bd3 f5 13.Qf3 Bxe5 14.Bxe4 Bxd6 15.Bh6+ 
1-0

[Event "N1 Reykjavik Open 2014"]
[Site "Reykjavik, Iceland"]
[Date "2014.03.07"]
[Round "5.104"]
[White "Jonsson, Gauti Pall"]
[Black "Meier, Gerd"]
[Result "1-0"]
[WhiteElo "1618"]
[BlackElo "1901"]
[EventDate "2014.03.04"]
[PlyCount "0"]

1.e4 c5 2.Nf3 d6 3.Bb5+ Nd7 4.O-O a6 5.Bxd7+ Bxd7 6.d4 cxd4 7.Qxd4 Nf6 8.
e5 dxe5 9.Nxe5 Be6 10.Qxd8+ Rxd8 11.Nc3 Bf5 12.Be3 e6 13.Rfd1 Rxd1+ 14.
Rxd1 Bxc2 15.Rc1 Bf5 16.Na4 Nd7 17.Rc8+ Ke7 18.Rc7 Kd6 19.Rxd7+ Kxe5 20.
Bd4+ Kf4 21.Rd8 b5 22.Nc3 f6 23.Be3+ Kg4 24.h3+ Kh4 25.Rd4+ Kh5 26.g4+ 
Bxg4 27.hxg4+ Kg6 28.Rd8 Kf7 29.Bc5 Rg8 30.Ne4 Bxc5 31.Rxg8 Bxf2+ 32.Kxf2 
Kxg8 33.Nc5 a5 34.Nxe6 Kf7 35.Nd4 Kg6 36.Nxb5 Kg5 37.Kg3 f5 38.gxf5 Kxf5 
39.Nd6+ Ke6 40.Nc4 a4 41.a3 h6 42.Nb6 1-0

[Event "N1 Reykjavik Open 2014"]
[Site "Reykjavik, Iceland"]
[Date "2014.03.07"]
[Round "5.105"]
[White "Szumniak, Jedrzej"]
[Black "Gardarsson, Halldor"]
[Result "1/2-1/2"]
[WhiteElo "1618"]
[BlackElo "1895"]
[EventDate "2014.03.04"]
[PlyCount "64"]

1.d4 Nf6 2.c4 e6 3.Nc3 d5 4.cxd5 exd5 5.Bg5 c6 6.Qc2 h6 7.Bh4 Be7 8.e3 O-O
9.Nf3 Re8 10.Bd3 Nbd7 11.O-O Bd6 12.a3 Nf8 13.b4 Bg4 14.b5 Bxf3 15.gxf3 g5
16.Bg3 Bxg3 17.hxg3 Kg7 18.Rac1 Ng6 19.Na4 cxb5 20.Bxb5 Re7 21.Bd3 a6 22.
Bxg6 fxg6 23.Nc5 Qd6 24.Nd3 Rf8 25.Ne5 Nd7 26.Qc7 Qe6 27.Rb1 Nxe5 28.Qxe5+
Qxe5 29.dxe5 Rxf3 30.Rfd1 Rxe5 31.Rxb7+ Rf7 32.Rb6 Rf6 1/2-1/2

[Event "N1 Reykjavik Open 2014"]
[Site "Reykjavik, Iceland"]
[Date "2014.03.07"]
[Round "5.107"]
[White "Maggason, Oskar"]
[Black "Einarsson, Oskar Long"]
[Result "0-1"]
[WhiteElo "1882"]
[BlackElo "1599"]
[EventDate "2014.03.04"]
[PlyCount "60"]

1.d4 Nf6 2.c4 g6 3.Nc3 d5 4.cxd5 Nxd5 5.e4 Nxc3 6.bxc3 Bg7 7.Bc4 O-O 8.Ne2
c5 9.O-O cxd4 10.cxd4 Nc6 11.Be3 b6 12.Rc1 Bb7 13.d5 Ne5 14.Bb3 Qd7 15.f4 
Ng4 16.Bd4 Nf6 17.Ng3 Rac8 18.Rxc8 Rxc8 19.Bxf6 Bxf6 20.e5 Bg7 21.e6 fxe6 
22.dxe6 Qc6 23.Qe2 a5 24.f5 b5 25.Bd1 b4 26.fxg6 hxg6 27.Rf4 Rd8 28.Bc2 
Ba6 29.Qf2 Qc3 30.Qb6 Bd4+ 0-1

[Event "N1 Reykjavik Open 2014"]
[Site "Reykjavik, Iceland"]
[Date "2014.03.07"]
[Round "5.108"]
[White "Davidsdottir, Nansy"]
[Black "Eliasson, Kristjan Orn"]
[Result "0-1"]
[WhiteElo "1510"]
[BlackElo "1875"]
[EventDate "2014.03.04"]
[PlyCount "78"]

1.e4 c6 2.Nf3 g6 3.d4 Bg7 4.c3 d6 5.Be3 Nf6 6.Nbd2 O-O 7.h3 Nbd7 8.Qc2 Qc7
9.O-O-O b5 10.g4 Qa5 11.Kb1 Rb8 12.Nb3 Qa4 13.g5 Nh5 14.Nfd2 e5 15.Be2 Nf4
16.Bxf4 exf4 17.h4 c5 18.Nf3 c4 19.Nbd2 Qa5 20.h5 Nb6 21.Ka1 d5 22.Nh4 b4 
23.cxb4 Qxb4 24.e5 Na4 25.Rb1 Bd7 26.Bf3 Qa5 27.hxg6 hxg6 28.Bg2 Rb6 29.b3
cxb3 30.Nxb3 Qb4 31.Qd2 Qa3 32.Qc1 Qb4 33.Qd2 Nc3 34.Rb2 Rfb8 35.Rc1 Nxa2 
36.Kxa2 Qa4+ 37.Kb1 Rxb3 38.Rxb3 Qxb3+ 39.Ka1 Qa3+ 0-1